000 00308nam a2200145Ia 4500
008 220923s9999 xx 000 0 und d
082 _bGUP
100 _aGUPTE, A.G.
245 4 _aTHE FAMILY COURTS ACT 1984
250 _a2ND
260 _c2013
300 _a270
650 _aFamily Law
942 _cBK
999 _c196067
_d196067